01768nam a2200445 i 450000100060000000300080000600500170001400600190003100700150005000800410006502000270010603500230013303500240015603500250018003500220020504000310022705000220025808000070028008200120028710000450029924501000034426400490044430000440049333600310053733700330056833800430060150000730064450400430071758801270076059001640088765000240105165000200107565000160109565500270111170000420113870000440118079700190122485600620124399900170130530784FlNmELB20241216220613.0m o d | cr cnu||||||||171107s2016 cu ob 000 0 spa d a9789591634085 (e-book) a(MiAaPQ)EBC4946044 a(Au-PeEL)EBL4946044 a(CaPaEBR)ebr11423385 a(OCoLC)1105518657 aFINmELBbspaerdacFINmELB 4aTA403bC9119 2016 a690 a6912231 aCórdova Rodríguez, Valduvina Virgen.10aTratamiento del residual de fibrocemento con una zeolita natural en una columna de adsorción. 1aLa Habana :bEditorial Universitaria,c2016. a1 recurso en línea (x, 169 páginas) atextobtxt2rdacontent/spa acomputadorabc2rdamedia/spa arecurso en líneabcr2rdacarrier/spa aTesis (Doctor en Ciencias Técnicas)--Universidad de Oriente, 2016. aContiene referencias bibliográficas. aDescripción basada en recurso en línea; Título de la página del título en PDF (e-libro, visto November 7, 2017). aRecurso electrónico. Santa Fe, Arg.: e-libro, 2015. Disponible vía World Wide Web. El acceso puede estar limitado para las bibliotecas afiliadas a e-libro. 0aBuilding materials. 4aConstrucción. 4aMateriales. 4aLibros electrónicos.1 aRodríguez Iznaga, Inocente,etutor.1 aGarcel Puyáns, Leonel Rafael,etutor.2 ae-libro, Corp.40uhttps://elibro.net/ereader/politecnicointernacional/90928 c30784d30784